Vývoj fúzií a akvizícií ako základ vzniku synergií

Stav riešenej problematiky doma a v zahraničí. Charakteristiky päť vĺn fúzií a akvizícií. Analýza vývoja fúzií a akvizícií v SR a vo svete od začiatku ich vzniku a vznik synergických efektov. Ich vyčíslenie na základe použitia známych metód pre stanovenie týchto efektov.

Gespeichert in:
Bibliographische Detailangaben
1. Verfasser: Harumová, Anna, 1955-
Format: Buchkapitel
Sprache:Slowakisch
Schlagworte:
Tags: Tag hinzufügen
Keine Tags, Fügen Sie das erste Tag hinzu!

MARC

LEADER 00000naa$a2200000$$$4500
001 0237712
005 20240502073837.3
041 0 |a slo 
044 |a SK 
245 1 0 |a Vývoj fúzií a akvizícií ako základ vzniku synergií  |c Anna Harumová 
520 |a Stav riešenej problematiky doma a v zahraničí. Charakteristiky päť vĺn fúzií a akvizícií. Analýza vývoja fúzií a akvizícií v SR a vo svete od začiatku ich vzniku a vznik synergických efektov. Ich vyčíslenie na základe použitia známych metód pre stanovenie týchto efektov. 
610 2 0 |a akvizícia 
610 2 0 |a fúzie 
610 2 0 |a úspory finančné 
610 2 0 |a investície 
610 2 0 |a analýzy 
610 2 0 |a Slovensko 
610 2 0 |a svet 
100 1 |a Harumová, Anna, 1955-